000 00355nam a2200133Ia 4500
008 210430s9999 xx 000 0 und d
082 _a150.9 S2911 H
100 _aDUANE P. SCHULTZ
245 2 _aA HISTORY OF MODERN PSYCHOLOGY /
_cDUANE P. SCHULTZ
250 _a6th edition
260 _aISLAMABAD
_bDUANE P.
_c2010
300 _a511P
942 _cBK
_2ddc
999 _c562682
_d562682